| 000 | 00869nam a22002412 4500 | ||
|---|---|---|---|
| 001 | 0000020560 | ||
| 005 | 20151021151139.0 | ||
| 008 | 110922s xx 000 0 eng d | ||
| 020 | _a1412952118 : | ||
| 040 |
_aKABU _cKABU |
||
| 100 | 1 |
_aHeath, Robert L. _@0000150863 |
|
| 245 | 1 | 0 |
_aStrategic issues management : _borganizations and public policy challenges / _cRobert L. Heath, Michael J. Palenchar. |
| 250 | _a2nd ed. | ||
| 260 |
_aLondon : _bSAGE, _c2009. |
||
| 300 | _axii, 412 p. | ||
| 650 | 0 |
_aIssues management _zUnited States. _@0000180953 |
|
| 650 | 0 |
_aIndustrial management _xSocial aspects. _zUnited States. _@0000180954 |
|
| 650 | 0 |
_aStrategic planning _zUnited States. _@0000180955 |
|
| 700 | 1 |
_aPalenchar, Michael J. _@0000180956 |
|
| 852 | 1 | _9p6874.25 KES | |
| 908 | _a110922 | ||
| 950 | _@1 | ||
| 999 |
_c1199 _d1199 |
||